000 01637nam0a2200349 4500
001 RU\NLR\bibl\737276
005 20260407073609.0
010 _a5-85907-253-8
_bв обл.
_915000
021 _aRU
_b2004-59461
_92932
035 _aRSL-KNO-002480298
035 _a(NLR Aleph) 000727192
090 _a739795
_c739795
100 _a20040928d2003 |||y0rusy50 ca
101 0 _arus
102 _aRU
105 _aa |||||||||
106 _ar
200 1 _aАвтомобили семейства ВАЗ-2106
_eмодели ВАЗ-2106, -21061, -21063, -21065
_eрук. по техн. обслуживанию и ремонту: с рекомендациями журн. "За рулем"
_f[К. Б. Пятков и др.]
210 _aМ.
_cЗа рулем
_d2003
_gРГУП Чебоксар. тип. N1
215 _a219, [1] с.
_cил., цв. ил.
_d29
606 1 _a"Жигули", легковые автомобили
_jРуководства, пособия и т.п.
_xРемонт
_92083200
_3RU\NLR\auth\661259250
606 1 _a"Жигули", легковые автомобили
_jРуководства, пособия и т.п.
_xТехническое обслуживание
_92121661
_3RU\NLR\auth\661281086
686 1 _aО335.52-08я7"Жигули"
702 1 _aПятков
_bК. Б.
_gКонстантин Борисович
_4220
712 0 2 _4570
_a"За рулем", журнал
_cМосква
_3RU\NLR\AUTH\8810037480
_9573678
801 0 _aRU
_bRuMoRKP
_c20040928
_grcr
801 1 _aRU
_bRuMoRGB
_c20040928
801 2 _aRU
_bNLR
_c20050321
_gPSBO
942 _cBOOK
980 _aNB